| 000 | 00561nam a2200205Ia 4500 | ||
|---|---|---|---|
| 003 | IIN | ||
| 005 | 20240131213429.0 | ||
| 008 | 231217s9999 xx 000 0 und d | ||
| 020 |
_cRs.345.00 _a9789381390276 |
||
| 040 |
_aIIN _bEnglish |
||
| 082 |
_a610.73071 _bBUT |
||
| 100 | 1 | _aButtar, B.K. | |
| 245 | 2 |
_aA Textbook of Communication & Educational Techonology / _cB.K. Buttar & Neelam Kumari |
|
| 260 |
_bPV _aJalandhar _c2011 |
||
| 300 | _a408 p. | ||
| 650 | 1 | _aEducation | |
| 650 | 1 |
_aCommunication _vTechonology |
|
| 700 | 1 | _aKumari, Neelam | |
| 942 | _cBOOK | ||
| 999 |
_c31 _d31 |
||